| 000 | 00526nam a2200193Ia 4500 | ||
|---|---|---|---|
| 005 | 20260429112227.0 | ||
| 008 | 260429s9999||||xx |||||||||||||| ||und|| | ||
| 020 | _a9789395651967 | ||
| 041 | _aEnglish | ||
| 082 |
_a954 _bNAY |
||
| 100 | _aNayak, Sadananda | ||
| 245 | 0 |
_aRelooking at Indian history science, belief and narrative / _cSadananda Nayak |
|
| 260 |
_aNew Delhi : _bKunal Books, _c2023. |
||
| 300 | _aviii, 280 p.; hb | ||
| 650 | _a India | ||
| 650 | _aHistory | ||
| 700 | _a Malik, Sankarsan | ||
| 942 | _cTB | ||
| 999 |
_c52994 _d52994 |
||